000
00314nam a22001337a 4500
008
170607b xxu||||| |||| 00| 0 eng d
020
_a
9780205621743
041
_a
eng
080
_a
328
100
_a
18
101
_a
SHP
245
_a
AMERICAN GOVERMENT CONTINUITY AND CHANGE
_c
OCONNOR,K
942
_2
udc
_c
BK
999
_c
16303
_d
16303